Statistics for Guess the country flags

Click here to take the quiz!

General Stats

  • This quiz has been taken 50 times
  • The average score is 13 of 16

Answer Stats

Answer% Correct
germany
98%
Russia
98%
Belgium
95%
poland
95%
turkey
91%
france
88%
indonesia
84%
croatia
79%
luxembourg
77%
estonia
74%
vatican
74%
belarus
72%
monaco
70%
latvia
65%
niger
63%
lithuania
60%

Score Distribution

Percentile by Number Answered

Percent of People with Each Score

Your Score History

You have not taken this quiz